000 00653nam a2200253 a 4500
001 UByD002684
003 AR-LpoUNG
005 20240502091552.0
008 240502s2023||||ag |||||||||||||| ||spa|d
020 _a9789878991351
040 _aAR-LpoUNG
_bspa
_cAR-LpoUNG
_eaacr
082 0 _aA861 843amp
100 1 _aMoreno, María del Carmen
245 1 3 _aAl amparo del río
250 _a1ra. ed.
260 _aLos Hornillos (Córdoba. Argentina) :
_bDel Callejón,
_c2023.
300 _a100 p.
650 4 _aLITERATURA
650 4 _aARGENTINA
650 4 _aPOESIA
653 0 _aLITERATURA ARGENTINA
905 _aCJPM539
942 _cLIB
_2ddc
999 _c65238
_d65238